Doing business 2013 (Record no. 67668)
[ view plain ]
| 000 -LEADER | |
|---|---|
| fixed length control field | 01268nam a2200313Ia 4500 |
| 245 00 - TITLE STATEMENT | |
| Title | Doing business 2013 |
| 260 ## - PUBLICATION, DISTRIBUTION, ETC. (IMPRINT) | |
| Place of publication | Washington, D.C. : |
| Name of publisher | World Bank, |
| Year of publication | 2013. |
| 300 ## - PHYSICAL DESCRIPTION | |
| Number of Pages | vi, 270 p. : |
| Other physical details | ill. |
| 650 #0 - SUBJECT ADDED ENTRY--TOPICAL TERM | |
| Topical Term | Commercial law |
| Topical Term | Small business |
| Topical Term | Trade regulation |
| 856 40 - ELECTRONIC LOCATION AND ACCESS | |
| Uniform Resource Identifier | http://site.ebrary.com/lib/rucke/Doc?id=10626519 |
No items available.
